00544 2200217 4500001002100000005001500021035002000036245003400056100001400090250000600104300003500110260004300145082001000188084001700198020002200215650002100237990001700258990001700275990001700292990001700309INLIS00000000000112320190503124850 a0010-05190000141 aKehidupan Di Air /cL. Colvin0 aL. Colvin a- aiv, 62 hlm. :bilus. ;c25 cm. aJakarta :bPT Gading Inti Prima,c2009 a577.6 a577.6 COL k a978-979-3846-96-5 aEkologi Perairan a04015/H/2018 a04016/H/2018 a04017/H/2018 a04250/H/2018